| 000 | 00926nam a2200277 a 4500 | ||
|---|---|---|---|
| 001 | 000015219 | ||
| 003 | DO-SdBNP | ||
| 005 | 20220329100027.0 | ||
| 008 | 100203s2005 dr 001 0 spa d | ||
| 020 | _a9993439363 | ||
| 040 |
_aDO-SdBNP _bspa _cBNPHU |
||
| 082 |
_a972.93053 _bG216b 2005 _222 |
||
| 100 | 1 |
_aGarcía Godoy, Federico, _d1857-1924 |
|
| 245 | 1 | 0 |
_aBajo la dictadura / _cFederico García Godoy ; prólogo Franklin Franco. |
| 250 | _a2a. ed. | ||
| 260 |
_aSanto Domingo : _bLibrería la Trinitaria, _c2005. |
||
| 300 |
_a42 p. ; _c22 cm. |
||
| 500 | _aIncluye datos biográficos del autor en la contracubierta | ||
| 590 | _6Inventariado, 2022/VM | ||
| 650 | 4 |
_aRepública dominicana _xHistoria _yEra de Trujillo*1930-1961 |
|
| 650 | 4 | _aEnsayos dominicanos | |
| 651 | 4 |
_aRepública Dominicana _xPolítica y gobierno |
|
| 700 | 1 |
_aFranco, Franklin, _eprólogo |
|
| 910 | _aVMateo V. | ||
| 942 |
_2ddc _cBK |
||
| 999 |
_c13406 _d13406 |
||